<?xml version="1.0" encoding="UTF-8"?><?xml-stylesheet type="text/xsl" href="static/style.xsl"?><OAI-PMH xmlns="http://www.openarchives.org/OAI/2.0/" xmlns:xsi="http://www.w3.org/2001/XMLSchema-instance" xsi:schemaLocation="http://www.openarchives.org/OAI/2.0/ http://www.openarchives.org/OAI/2.0/OAI-PMH.xsd"><responseDate>2026-04-13T01:36:08Z</responseDate><request verb="GetRecord" identifier="oai:www.recercat.cat:20.500.14342/6082" metadataPrefix="marc">https://recercat.cat/oai/request</request><GetRecord><record><header><identifier>oai:recercat.cat:20.500.14342/6082</identifier><datestamp>2026-03-20T01:13:09Z</datestamp><setSpec>com_2072_482405</setSpec><setSpec>com_2072_183628</setSpec><setSpec>col_2072_482415</setSpec></header><metadata><record xmlns="http://www.loc.gov/MARC21/slim" xmlns:dcterms="http://purl.org/dc/terms/" xmlns:xsi="http://www.w3.org/2001/XMLSchema-instance" xmlns:doc="http://www.lyncode.com/xoai" xsi:schemaLocation="http://www.loc.gov/MARC21/slim http://www.loc.gov/standards/marcxml/schema/MARC21slim.xsd">
   <leader>00925njm 22002777a 4500</leader>
   <datafield ind2=" " ind1=" " tag="042">
      <subfield code="a">dc</subfield>
   </datafield>
   <datafield ind2=" " ind1=" " tag="720">
      <subfield code="a">Brozmanová Gregorová, Alžbeta</subfield>
      <subfield code="e">author</subfield>
   </datafield>
   <datafield ind2=" " ind1=" " tag="720">
      <subfield code="a">Culcasi, Irene</subfield>
      <subfield code="e">author</subfield>
   </datafield>
   <datafield ind2=" " ind1=" " tag="720">
      <subfield code="a">Mikelic Preradovic, Nives</subfield>
      <subfield code="e">author</subfield>
   </datafield>
   <datafield ind2=" " ind1=" " tag="720">
      <subfield code="a">Paz-Lourido, Berta</subfield>
      <subfield code="e">author</subfield>
   </datafield>
   <datafield ind2=" " ind1=" " tag="720">
      <subfield code="a">Navarro, Joan</subfield>
      <subfield code="e">author</subfield>
   </datafield>
   <datafield ind2=" " ind1=" " tag="720">
      <subfield code="a">Paudel, Florentine</subfield>
      <subfield code="e">author</subfield>
   </datafield>
   <datafield ind2=" " ind1=" " tag="720">
      <subfield code="a">Heinzová, Zuzana</subfield>
      <subfield code="e">author</subfield>
   </datafield>
   <datafield ind2=" " ind1=" " tag="260">
      <subfield code="c">2026-02</subfield>
   </datafield>
   <datafield ind2=" " ind1=" " tag="520">
      <subfield code="a">Introducción: Las tecnologías digitales en el aprendizaje-servicio permiten el desarrollo de este enfoque pedagógico en contextos como el rural, lo que implica relaciones comunidad-campus singulares para la educación superior.&#xd;
Objetivo: Identificar percepciones y consideraciones sobre el proceso de co-creación en las experiencias de aprendizaje-servicio virtual (ApS virtual) entre socios universitarios y rurales, abordando sus características, interacciones y funcionamiento.&#xd;
Método: Investigación cualitativa exploratoria basada en un enfoque etnometodológico desarrollado a través de entrevistas semiestructuradas en profundidad. La muestra intencional consistió en 16 participantes, 8 docentes universitarios y 8 socios comunitarios rurales de Italia, Croacia, España, Austria y Eslovaquia con experiencia en cursos virtuales de aprendizaje-servicio. Las entrevistas indagaron sobre las dinámicas de co-creación, los roles, los beneficios, los desafíos, los contextos digitales, las dinámicas de poder y la sostenibilidad, y se analizaron mediante análisis temático.&#xd;
Resultados: La propuesta inicial para el diseño de experiencias de ApS virtual que involucran la participación rural a menudo comenzó informalmente a través de redes personales, evolucionando hacia procesos estructurados basados en la toma de decisiones compartida, la planificación conjunta y la evaluación de necesidades. Los beneficios incluyeron el empoderamiento de las voces de la comunidad, la alineación del contenido de los cursos con las necesidades de la comunidad, la revitalización de los planes de estudio y una mayor colaboración entre la universidad y la comunidad. Los desafíos incluyeron el acceso digital, las limitaciones de tiempo y las barreras de comunicación. La propiedad se distribuyó a través de la toma de decisiones compartida, fomentando la confianza y el respeto mutuo.&#xd;
Discusión: Los hallazgos enfatizan las relaciones recíprocas, los comportamientos participativos y las posibilidades de las plataformas digitales. La co-creación en ApS virtual fue considerada una práctica transformadora, que cambió la autoridad epistémica a un proceso relacional y recíproco horizontal. La sostenibilidad del proceso se basa en el compromiso continuo, la confianza y la infraestructura tecnológica, alineándose con los modelos teóricos de co-creación y promoviendo el impacto a largo plazo en la comunidad.&#xd;
Conclusiones: La co-creación en el ApS virtual potencia la relevancia y el impacto, tanto en los aprendizajes como en el desarrollo rural. Tiene el potencial de fomentar la participación rural, enriquecer el aprendizaje de los estudiantes y alinear los proyectos con las prioridades locales. Las plataformas digitales facilitan la colaboración, pero pueden introducir barreras que deben superarse para garantizar la sostenibilidad.</subfield>
   </datafield>
   <datafield ind1="8" ind2=" " tag="024">
      <subfield code="a">0034-9461</subfield>
   </datafield>
   <datafield ind1="8" ind2=" " tag="024">
      <subfield code="a">https://hdl.handle.net/20.500.14342/6082</subfield>
   </datafield>
   <datafield ind1="8" ind2=" " tag="024">
      <subfield code="a">https://doi.org/10.9781/rep.2026.156</subfield>
   </datafield>
   <datafield tag="653" ind2=" " ind1=" ">
      <subfield code="a">Aprendizaje-servicio virtual</subfield>
   </datafield>
   <datafield tag="653" ind2=" " ind1=" ">
      <subfield code="a">Rural</subfield>
   </datafield>
   <datafield tag="653" ind2=" " ind1=" ">
      <subfield code="a">Comunidad</subfield>
   </datafield>
   <datafield tag="653" ind2=" " ind1=" ">
      <subfield code="a">Asociaciones</subfield>
   </datafield>
   <datafield tag="653" ind2=" " ind1=" ">
      <subfield code="a">Universidad</subfield>
   </datafield>
   <datafield tag="653" ind2=" " ind1=" ">
      <subfield code="a">Co-creacion</subfield>
   </datafield>
   <datafield ind2="0" ind1="0" tag="245">
      <subfield code="a">De destinatarios a cocreadores: Las voces rurales en el diseño de experiencias de Aprendizaje-Servicio virtual</subfield>
   </datafield>
</record></metadata></record></GetRecord></OAI-PMH>